AUTOMATICKÝ PREKLADOVÝ SYSTÉM - NÁSTROJ KOMUNIKÁCIE S OKOLITÝM SVETOM

Bibliographic Details
Main Authors: Barunik, Jozef (Author), Žitňanský, Marcel, 1933- (Author)
Format: Article
Language:Slovak
ISBN:8022712728

MARC

LEADER 00000naa a2200000uu 4500
001 vtls010932633
003 SK-MaSNL
005 20260302122440.0
008 210902|1999 xo |||||||||||||||||slo|
015 |a SNBRA 
035 |a (urnnbn)urn:nbn:sk:snk:ar-a0b54a 
035 |a (uuid)d12a2a03-dba8-4b9c-8649-3aea80dab325 
035 |a urn:nbn:sk:snk-aatxjx 
040 |a SNKBUCL  |b slo  |c SNKBUCL  |e AACR2 
041 0 |a slo 
044 |a xo  |c SK 
100 1 |a Barunik, Jozef  |4 aut  |9 306123 
245 1 0 |a AUTOMATICKÝ PREKLADOVÝ SYSTÉM - NÁSTROJ KOMUNIKÁCIE S OKOLITÝM SVETOM  |c Jozef Barunik, Marcel Žitňanský 
700 1 |a Žitňanský, Marcel,  |d 1933-  |4 aut  |9 37334 
773 0 |t CO-MAT-TECH '99  |d V Bratislave : Slovenská technická univerzita, 1999  |g S. 783-787  |z 8022712728 
958 |a OND 
958 |a article11 
958 |a chapter 
999 |c 1278021  |d 1279951